[Event "Ottawa Reserves"]
[Site "Ottawa CAN"]
[Date "2001.11.19"]
[Round "6"]
[White "Barclay, Wayne"]
[Black "Devenport, Martin"]
[Result "1-0"]
[WhiteElo "2226"]
[BlackElo "2206"]
[PlyCount "47"]
[GameId "2160767911485097"]
[EventDate "2001.10.14"]
[EventType "tourn"]
[EventRounds "6"]
[EventCountry "CAN"]
[SourceTitle "EXT 2022"]
[Source "ChessBase"]
[SourceDate "2021.10.06"]
[SourceVersion "1"]
[SourceVersionDate "2021.10.06"]
[SourceQuality "1"]

1. d4 d5 2. c4 e6 3. Nc3 Nf6 4. Bg5 Nbd7 5. e3 c6 6. Nf3 Be7 7. Qc2 h6 8. Bh4 O-O 9. a3 dxc4 10. Bxc4 b5 11. Ba2 b4 12. axb4 Bxb4 13. Ne5 Qc7 14. Bb1 g6 15. Nxg6 fxg6 16. Qxg6+ Kh8 17. Qxh6+ Kg8 18. Qg6+ Kh8 19. g4 Qb6 20. O-O Bb7 21. Ne4 Nxg4 22. Qh5+ Kg7 23. Qxg4+ Kf7 24. Ng5+ 1-0

[Event "Ottawa Reserves"]
[Site "Ottawa CAN"]
[Date "2001.11.19"]
[Round "6"]
[White "Patterson, Roger"]
[Black "De Kerpel, Stijn"]
[Result "1/2-1/2"]
[WhiteElo "2168"]
[BlackElo "2159"]
[PlyCount "35"]
[GameId "2160767911485098"]
[EventDate "2001.10.14"]
[EventType "tourn"]
[EventRounds "6"]
[EventCountry "CAN"]
[SourceTitle "EXT 2022"]
[Source "ChessBase"]
[SourceDate "2021.10.06"]
[SourceVersion "1"]
[SourceVersionDate "2021.10.06"]
[SourceQuality "1"]

1. e4 c5 2. Nf3 d6 3. d4 cxd4 4. Nxd4 Nf6 5. Nc3 a6 6. f4 e5 7. Nf3 Nbd7 8. a4 Be7 9. Bd3 O-O 10. O-O Nc5 11. Qe1 Re8 12. Rb1 exf4 13. Bxf4 Bg4 14. Nd4 Ne6 15. Be3 Nxd4 16. Bxd4 Be6 17. Qg3 g6 18. Qf4 1/2-1/2

[Event "Ottawa op"]
[Site "Ottawa CAN"]
[Date "2001.09.22"]
[Round "2"]
[White "Pacey, Kevin"]
[Black "Southam, David"]
[Result "1/2-1/2"]
[WhiteElo "2311"]
[BlackElo "2143"]
[PlyCount "74"]
[GameId "2160767911485174"]
[EventDate "2001.09.22"]
[EventType "swiss"]
[EventRounds "5"]
[EventCountry "CAN"]

1. e4 c6 2. d4 d5 3. exd5 cxd5 4. c4 Nf6 5. Nc3 e6 6. Nf3 Bb4 7. cxd5 Nxd5 8. Bd2 O-O 9. Bd3 Nc6 10. O-O Nf6 11. Bg5 Be7 12. a3 Re8 13. Bc2 b6 14. Qd3 g6 15. Ba4 Bb7 16. Rad1 a6 17. Rfe1 b5 18. Bb3 Na5 19. Ba2 Nd5 20. Ne4 Rc8 21. Bxe7 Rxe7 22. Nc5 Qd6 23. Qd2 Nc4 24. Bxc4 bxc4 25. Ne5 Nb6 26. Qg5 Rec7 27. h4 Qe7 28. Qg3 Qf6 29. Ng4 Qg7 30. h5 gxh5 31. Nf6+ Kh8 32. Qxg7+ Kxg7 33. Nxh5+ Kf8 34. Rc1 Nd7 35. Nxd7+ Rxd7 36. Red1 Ke7 37. Nf4 Bd5 1/2-1/2

[Event "Ottawa op"]
[Site "Ottawa CAN"]
[Date "2001.09.22"]
[Round "3"]
[White "Davies, Alex"]
[Black "Pacey, Kevin"]
[Result "0-1"]
[WhiteElo "2262"]
[BlackElo "2311"]
[PlyCount "126"]
[GameId "2160767911485175"]
[EventDate "2001.09.22"]
[EventType "swiss"]
[EventRounds "5"]
[EventCountry "CAN"]

1. g3 e5 2. Bg2 Nf6 3. c3 d5 4. d4 exd4 5. cxd4 c6 6. Nf3 Bf5 7. O-O Nbd7 8. Nc3 h6 9. Re1 Be7 10. Qb3 Qb6 11. Qxb6 axb6 12. Bd2 b5 13. a3 Nb6 14. Nh4 Be6 15. Ra2 Nc4 16. Bc1 O-O 17. Nf3 Ne4 18. Nb1 b4 19. Ne5 Nxe5 20. dxe5 f6 21. exf6 Bxf6 22. Bxe4 dxe4 23. Ra1 Bd4 24. e3 Be5 25. Nd2 Bd5 26. Rb1 Ba2 27. Ra1 Rxa3 28. bxa3 Bxa1 29. axb4 Bc3 30. Rf1 Bd5 31. b5 cxb5 32. Nb1 Bf6 33. Bd2 Rc8 34. Na3 Ra8 35. Nxb5 Bc4 36. Nd6 Bxf1 37. Kxf1 Ra2 38. Nxe4 Be7 39. Ke2 Bb4 40. Kd3 Bxd2 41. Nxd2 Kf7 42. f4 Ke7 43. e4 Ra1 44. e5 Rh1 45. Nf3 b5 46. Kc3 Rc1+ 47. Kb2 Rf1 48. Nd4 Rf2+ 49. Kc3 Rxh2 50. Nxb5 Rh3 51. Kd4 Rxg3 52. Nd6 Rg1 53. Ke4 Re1+ 54. Kf5 Rc1 55. Ke4 g6 56. Kd5 Rd1+ 57. Ke4 Rxd6 58. exd6+ Kxd6 59. Kd4 Ke6 60. Ke4 Kf6 61. Ke3 Kf5 62. Kf3 h5 63. Kg3 Ke4 0-1

[Event "Ottawa op"]
[Site "Ottawa CAN"]
[Date "2001.09.23"]
[Round "4"]
[White "Pacey, Kevin"]
[Black "Voloaca, Mihnea"]
[Result "1/2-1/2"]
[WhiteElo "2311"]
[BlackElo "2288"]
[PlyCount "108"]
[GameId "2160767911485176"]
[EventDate "2001.09.22"]
[EventType "swiss"]
[EventRounds "5"]
[EventCountry "CAN"]

1. e4 c5 2. Nc3 Nc6 3. g3 g6 4. Bg2 Bg7 5. d3 d6 6. Be3 e6 7. Qd2 Rb8 8. f4 Nge7 9. Nf3 Nd4 10. O-O b5 11. e5 Nef5 12. Ne4 Nxf3+ 13. Bxf3 O-O 14. Bf2 dxe5 15. Bxc5 Re8 16. c3 exf4 17. Qxf4 e5 18. Qg5 a6 19. Qxd8 Rxd8 20. Rfd1 Rd7 21. b4 Bb7 22. Kf2 Ne7 23. a4 f5 24. Ng5 Bxf3 25. Nxf3 Nd5 26. Rdc1 e4 27. dxe4 fxe4 28. Nd4 Nxc3 29. Rxc3 Rxd4 30. Ra2 Rd5 31. Rca3 Bd4+ 32. Bxd4 Rxd4 33. axb5 axb5 34. Rb2 Rc4 35. Ra7 Rf8+ 36. Ke2 Rf7 37. Ra8+ Kg7 38. Rb8 Rf5 39. Rb7+ Kh6 40. Re7 Rd5 41. Rb7 Rh5 42. Ke3 Rd5 43. Ke2 Rf5 44. Re7 Kg5 45. Rxh7 Kf6 46. Rb7 Rd5 47. Rb8 g5 48. Rf8+ Ke6 49. Rb8 Kf5 50. Rf8+ Kg4 51. Rb8 Kh3 52. Rh8+ Kg4 53. Rb8 Rf5 54. Re8 Rd5 1/2-1/2

[Event "Ottawa op"]
[Site "Ottawa CAN"]
[Date "2001.09.23"]
[Round "5"]
[White "O'Donnell, Tom"]
[Black "Pacey, Kevin"]
[Result "1/2-1/2"]
[WhiteElo "2453"]
[BlackElo "2311"]
[PlyCount "73"]
[GameId "2160767911485177"]
[EventDate "2001.09.22"]
[EventType "swiss"]
[EventRounds "5"]
[EventCountry "CAN"]

1. e4 e6 2. d4 d5 3. Nd2 Nc6 4. Ngf3 Nf6 5. e5 Nd7 6. Be2 f6 7. exf6 Qxf6 8. Nf1 Bd6 9. Bg5 Qf7 10. Ne3 O-O 11. O-O Nb6 12. c4 dxc4 13. Bh4 e5 14. d5 Ne7 15. Nxc4 Nxc4 16. Bxc4 Ng6 17. Bg3 Bg4 18. Be2 Nf4 19. Bxf4 Qxf4 20. Ne1 Bxe2 21. Qxe2 e4 22. g3 Qe5 23. Rd1 Rf6 24. Ng2 Raf8 25. Ne3 Rf3 26. Nc4 Qh5 27. Qxe4 Rxf2 28. Rxf2 Qxd1+ 29. Kg2 Rxf2+ 30. Kxf2 Bc5+ 31. Kg2 Qg1+ 32. Kh3 Qf1+ 33. Kg4 g6 34. Qe8+ Kg7 35. Qe5+ Kg8 36. Qe8+ Kg7 37. Qe5+ 1/2-1/2

[Event "Ottawa-ch"]
[Site "Ottawa CAN"]
[Date "2001.10.14"]
[Round "1"]
[White "Davies, Alex"]
[Black "Djerkovic, Miladin"]
[Result "1-0"]
[WhiteElo "2239"]
[BlackElo "2262"]
[PlyCount "119"]
[GameId "2160767911485099"]
[EventDate "2001.10.14"]
[EventType "swiss"]
[EventRounds "6"]
[EventCountry "CAN"]
[SourceTitle "EXT 2022"]
[Source "ChessBase"]
[SourceDate "2021.10.06"]
[SourceVersion "1"]
[SourceVersionDate "2021.10.06"]
[SourceQuality "1"]

1. e4 e5 2. Nf3 Nc6 3. Bb5 a6 4. Ba4 d6 5. O-O Nf6 6. Re1 b5 7. Bb3 Be7 8. c3 O-O 9. d4 Bg4 10. d5 Na5 11. Bc2 c6 12. h3 Bd7 13. dxc6 Bxc6 14. Nbd2 Re8 15. Nf1 Bf8 16. Ng3 g6 17. a4 h6 18. axb5 axb5 19. Nh2 Kh7 20. Ng4 Bg7 21. Nf1 d5 22. Nxf6+ Bxf6 23. exd5 Qxd5 24. Qxd5 Bxd5 25. Ne3 Bb3 26. Rxa5 Rxa5 27. Bxb3 Kg7 28. Ng4 Bg5 29. Bxg5 hxg5 30. Rxe5 Rxe5 31. Nxe5 Ra1+ 32. Kh2 Re1 33. Nxf7 Re2 34. Nxg5 Rxf2 35. Ne6+ Kf6 36. Nc5 Rxb2 37. Kg3 Ke7 38. Kf3 Kd6 39. Ne4+ Ke5 40. Bf7 b4 41. cxb4 Rxb4 42. Bxg6 Rb6 43. Bh7 Rh6 44. Ng5 Kf6 45. Kg4 Kg7 46. Be4 Ra6 47. h4 Rb6 48. g3 Ra6 49. Nf3 Ra4 50. Kf5 Ra5+ 51. Ne5 Kh6 52. g4 Ra6 53. Bf3 Kg7 54. g5 Ra4 55. h5 Ra6 56. Bc6 Ra5 57. h6+ Kh7 58. Kf6 Ra7 59. Nf7 Kg8 60. Kg6 1-0

[Event "Ottawa-ch"]
[Site "Ottawa CAN"]
[Date "2001.10.14"]
[Round "1"]
[White "Pacey, Kevin"]
[Black "Hum, Peter"]
[Result "1-0"]
[WhiteElo "2339"]
[BlackElo "2229"]
[PlyCount "69"]
[GameId "2160767911485100"]
[EventDate "2001.10.14"]
[EventType "swiss"]
[EventRounds "6"]
[EventCountry "CAN"]
[SourceTitle "EXT 2022"]
[Source "ChessBase"]
[SourceDate "2021.10.06"]
[SourceVersion "1"]
[SourceVersionDate "2021.10.06"]
[SourceQuality "1"]

1. e4 d6 2. d4 g6 3. Nc3 Bg7 4. f4 Nc6 5. Be3 Nf6 6. Nf3 O-O 7. Qd2 e6 8. O-O-O Ne7 9. Ng5 b6 10. h4 h6 11. Nh3 Bb7 12. Nf2 c5 13. dxc5 dxc5 14. Qe2 Qe8 15. g4 h5 16. gxh5 Nxh5 17. Rg1 Nc6 18. Qg4 Nd4 19. Bc4 Kh7 20. Nh3 b5 21. Bxd4 cxd4 22. Nxb5 Nf6 23. Ng5+ Kg8 24. Qe2 Ba6 25. Nd6 Bxc4 26. Qxc4 Qe7 27. e5 Nd5 28. Rxd4 Nxf4 29. Rxf4 Bxe5 30. Ngxf7 Bxf4+ 31. Qxf4 Rxf7 32. Nxf7 Qxf7 33. Qh6 Qh7 34. Rxg6+ Kh8 35. Qg5 1-0

[Event "Ottawa-ch"]
[Site "Ottawa CAN"]
[Date "2001.10.14"]
[Round "1"]
[White "Valdizon, Armando"]
[Black "Voloaca, Mihnea"]
[Result "0-1"]
[WhiteElo "2337"]
[BlackElo "2287"]
[PlyCount "60"]
[GameId "2160767911485101"]
[EventDate "2001.10.14"]
[EventType "swiss"]
[EventRounds "6"]
[EventCountry "CAN"]
[SourceTitle "EXT 2022"]
[Source "ChessBase"]
[SourceDate "2021.10.06"]
[SourceVersion "1"]
[SourceVersionDate "2021.10.06"]
[SourceQuality "1"]

1. d4 d5 2. c4 e6 3. Nc3 c6 4. e3 Nf6 5. Nf3 Nbd7 6. Bd3 dxc4 7. Bxc4 b5 8. Bd3 Bb7 9. e4 b4 10. Na4 c5 11. e5 Nd5 12. Nxc5 Nxc5 13. dxc5 Qa5 14. Qe2 Bxc5 15. Bb5+ Kf8 16. O-O h6 17. Bd2 Qb6 18. Rad1 a5 19. Bc1 a4 20. Bc4 a3 21. Nh4 axb2 22. Bxb2 g5 23. Bxd5 Bxd5 24. Rxd5 exd5 25. e6 gxh4 26. Bxh8 Qxe6 27. Qd2 Re8 28. Rd1 Kg8 29. Bb2 Qe2 30. h3 Bxf2+ 0-1

[Event "Ottawa-ch"]
[Site "Ottawa CAN"]
[Date "2001.10.15"]
[Round "2"]
[White "Djerkovic, Miladin"]
[Black "Pacey, Kevin"]
[Result "1/2-1/2"]
[WhiteElo "2262"]
[BlackElo "2339"]
[PlyCount "61"]
[GameId "2160767911485102"]
[EventDate "2001.10.14"]
[EventType "swiss"]
[EventRounds "6"]
[EventCountry "CAN"]
[SourceTitle "EXT 2022"]
[Source "ChessBase"]
[SourceDate "2021.10.06"]
[SourceVersion "1"]
[SourceVersionDate "2021.10.06"]
[SourceQuality "1"]

1. e4 e5 2. Nf3 Nf6 3. d4 Nxe4 4. Bd3 d5 5. Nxe5 Bd6 6. O-O O-O 7. c4 c6 8. Nc3 Nxc3 9. bxc3 Qh4 10. cxd5 cxd5 11. Qb3 Nc6 12. f4 Ne7 13. Bd2 Qf6 14. Rae1 Rb8 15. a4 Bf5 16. Bxf5 Qxf5 17. g4 Qc8 18. f5 f6 19. Nd3 Qd7 20. Bf4 Bxf4 21. Nxf4 Rf7 22. Re6 g6 23. fxg6 hxg6 24. Rfe1 Rc8 25. Qc2 Rc6 26. Rxe7 Rxe7 27. Qxg6+ Kf8 28. Qh6+ Kg8 29. Qg6+ Kf8 30. Qh6+ Kg8 31. Qg6+ 1/2-1/2

[Event "Ottawa-ch"]
[Site "Ottawa CAN"]
[Date "2001.10.15"]
[Round "2"]
[White "Voloaca, Mihnea"]
[Black "Davies, Alex"]
[Result "1-0"]
[WhiteElo "2287"]
[BlackElo "2239"]
[PlyCount "77"]
[GameId "2160767911485104"]
[EventDate "2001.10.14"]
[EventType "swiss"]
[EventRounds "6"]
[EventCountry "CAN"]
[SourceTitle "EXT 2022"]
[Source "ChessBase"]
[SourceDate "2021.10.06"]
[SourceVersion "1"]
[SourceVersionDate "2021.10.06"]
[SourceQuality "1"]

1. d4 Nf6 2. Nf3 g6 3. c4 d6 4. Nc3 Bg7 5. e4 O-O 6. Be2 Na6 7. O-O Bg4 8. Bg5 c5 9. d5 Bxf3 10. Bxf3 Nc7 11. a4 Rb8 12. Qd2 e5 13. Be2 Qe8 14. Rab1 a5 15. f4 Nd7 16. f5 f6 17. Be3 Rf7 18. Bg4 Qf8 19. Rf3 Nb6 20. b3 Nc8 21. Rbf1 b6 22. Rh3 Rb7 23. Rxh7 g5 24. Rh3 Bh8 25. Rff3 Ne8 26. Bh5 Rg7 27. Rfg3 Rh7 28. Nd1 Ne7 29. Nf2 Ng7 30. Bd1 Rxh3 31. Rxh3 Ngxf5 32. exf5 Nxf5 33. Bc2 Nxe3 34. Qxe3 Rg7 35. Qe4 Qe7 36. Ng4 Rf7 37. Nh6+ Kf8 38. Nxf7 Bg7 39. Nh6 1-0

[Event "Ottawa-ch"]
[Site "Ottawa CAN"]
[Date "2001.10.28"]
[Round "3"]
[White "Djerkovic, Miladin"]
[Black "Voloaca, Mihnea"]
[Result "1-0"]
[WhiteElo "2262"]
[BlackElo "2287"]
[PlyCount "67"]
[GameId "2160767911485105"]
[EventDate "2001.10.14"]
[EventType "swiss"]
[EventRounds "6"]
[EventCountry "CAN"]
[SourceTitle "EXT 2022"]
[Source "ChessBase"]
[SourceDate "2021.10.06"]
[SourceVersion "1"]
[SourceVersionDate "2021.10.06"]
[SourceQuality "1"]

1. e4 c5 2. Nf3 d6 3. d4 cxd4 4. Nxd4 Nf6 5. Nc3 a6 6. Bg5 e6 7. f4 Qc7 8. Qf3 Nbd7 9. O-O-O b5 10. e5 dxe5 11. Ndxb5 axb5 12. Qxa8 Bc5 13. Nxb5 Be3+ 14. Kb1 Qc5 15. Qxc8+ Qxc8 16. Nd6+ Ke7 17. Nxc8+ Rxc8 18. Bxf6+ gxf6 19. Bb5 Nc5 20. fxe5 fxe5 21. Rhe1 Bh6 22. Rxe5 f5 23. Rde1 Ne4 24. Bd3 Bf4 25. R5xe4 fxe4 26. Rxe4 Bxh2 27. Rh4 Be5 28. Rxh7+ Kd6 29. Be4 Rc4 30. Bf3 Bf4 31. c3 e5 32. Kc2 Ra4 33. Kb3 Ra5 34. a4 1-0

[Event "Ottawa-ch"]
[Site "Ottawa CAN"]
[Date "2001.10.28"]
[Round "3"]
[White "Pacey, Kevin"]
[Black "Valdizon, Armando"]
[Result "1/2-1/2"]
[WhiteElo "2339"]
[BlackElo "2337"]
[PlyCount "91"]
[GameId "2160767911485106"]
[EventDate "2001.10.14"]
[EventType "swiss"]
[EventRounds "6"]
[EventCountry "CAN"]
[SourceTitle "EXT 2022"]
[Source "ChessBase"]
[SourceDate "2021.10.06"]
[SourceVersion "1"]
[SourceVersionDate "2021.10.06"]
[SourceQuality "1"]

1. e4 c5 2. Nf3 d6 3. d4 cxd4 4. Qxd4 Nc6 5. Bb5 Bd7 6. Bxc6 Bxc6 7. c4 Nf6 8. Nc3 g6 9. O-O Bg7 10. Qd3 O-O 11. Be3 Ng4 12. Bd4 Ne5 13. Bxe5 dxe5 14. Rfd1 Qxd3 15. Rxd3 Rfd8 16. Rxd8+ Rxd8 17. Kf1 a5 18. Ke2 f5 19. Rd1 Rxd1 20. Kxd1 fxe4 21. Ne1 e6 22. Ke2 Bh6 23. Nc2 Bc1 24. b3 Kf7 25. Ne3 Kf6 26. Nb5 h5 27. Nc2 Ke7 28. Nc3 Bb2 29. Kd2 Kd6 30. g3 Kc5 31. Nd1 Bd4 32. Nde3 b5 33. cxb5 Bxb5 34. a3 Bd3 35. b4+ axb4 36. Nxb4 Bb5 37. Nbc2 Ba4 38. Nb4 Bb5 39. Nbc2 Bb2 40. Nd1 Bd4 41. Nde3 Kb6 42. Nd1 Ka5 43. Nce3 Ka4 44. Nc3+ Bxc3+ 45. Kxc3 Kxa3 46. g4 1/2-1/2

[Event "Ottawa-ch"]
[Site "Ottawa CAN"]
[Date "2001.10.29"]
[Round "4"]
[White "Valdizon, Armando"]
[Black "Djerkovic, Miladin"]
[Result "1-0"]
[WhiteElo "2337"]
[BlackElo "2262"]
[PlyCount "115"]
[GameId "2160767911485108"]
[EventDate "2001.10.14"]
[EventType "swiss"]
[EventRounds "6"]
[EventCountry "CAN"]
[SourceTitle "EXT 2022"]
[Source "ChessBase"]
[SourceDate "2021.10.06"]
[SourceVersion "1"]
[SourceVersionDate "2021.10.06"]
[SourceQuality "1"]

1. d4 Nf6 2. c4 e6 3. Nf3 b6 4. g3 Bb7 5. Bg2 Be7 6. O-O O-O 7. b3 c5 8. Bb2 d5 9. cxd5 exd5 10. Nc3 Nc6 11. dxc5 bxc5 12. Rc1 Nb4 13. a3 d4 14. axb4 dxc3 15. Bxc3 cxb4 16. Bd4 Bd5 17. Ne5 Bxg2 18. Kxg2 Qd5+ 19. f3 Rac8 20. Nc4 Rfd8 21. Bxf6 Bxf6 22. Qxd5 Rxd5 23. e4 Rd3 24. e5 Be7 25. Rb1 Rcd8 26. Rf2 Bc5 27. Ra2 h5 28. f4 Rc3 29. Ra5 Rd5 30. Rb2 Rcd3 31. Rb5 g6 32. Rb7 h4 33. gxh4 R3d4 34. Rf2 Rd3 35. Rf3 Rxf3 36. Kxf3 Rd3+ 37. Kg4 Rxb3 38. Kg5 Rd3 39. e6 fxe6 40. Kxg6 Rd1 41. Rb8+ Bf8 42. Ne5 Rg1+ 43. Kf6 Rg7 44. Kxe6 a5 45. f5 Re7+ 46. Kf6 Ra7 47. Kg5 a4 48. f6 Rh7 49. Kg6 Rh6+ 50. Kf5 Rh7 51. Ng6 Rf7 52. Ke6 a3 53. Ne7+ Kh7 54. Kxf7 a2 55. Ra8 b3 56. Ng6 Kh6 57. Rxf8 Kh5 58. h3 1-0

[Event "Ottawa-ch"]
[Site "Ottawa CAN"]
[Date "2001.11.12"]
[Round "4"]
[White "Hum, Peter"]
[Black "Voloaca, Mihnea"]
[Result "0-1"]
[WhiteElo "2229"]
[BlackElo "2287"]
[PlyCount "62"]
[GameId "2160767911485110"]
[EventDate "2001.10.14"]
[EventType "swiss"]
[EventRounds "6"]
[EventCountry "CAN"]
[SourceTitle "EXT 2022"]
[Source "ChessBase"]
[SourceDate "2021.10.06"]
[SourceVersion "1"]
[SourceVersionDate "2021.10.06"]
[SourceQuality "1"]

1. e4 c5 2. Nc3 e6 3. Nf3 Nc6 4. d4 cxd4 5. Nxd4 Qc7 6. g3 a6 7. Bg2 Nf6 8. O-O Nxd4 9. Qxd4 Bc5 10. Bf4 d6 11. Qd2 h6 12. Rad1 e5 13. Be3 Ke7 14. Bxc5 Qxc5 15. Na4 Qc7 16. f4 a5 17. Nc3 Be6 18. Kh1 Rad8 19. Nd5+ Bxd5 20. exd5 exf4 21. Rxf4 Nd7 22. Qd3 g6 23. Re4+ Kf8 24. Qd2 Kg7 25. Rh4 g5 26. Rd4 Rhe8 27. Qf2 Re5 28. Rf1 f5 29. Rd2 Rde8 30. Qd4 Qc5 31. Rxf5 Qxd4 0-1

[Event "Ottawa-ch"]
[Site "Ottawa CAN"]
[Date "2001.10.28"]
[Round "5"]
[White "Davies, Alex"]
[Black "Hum, Peter"]
[Result "0-1"]
[WhiteElo "2239"]
[BlackElo "2229"]
[PlyCount "130"]
[GameId "2160767911485111"]
[EventDate "2001.10.14"]
[EventType "swiss"]
[EventRounds "6"]
[EventCountry "CAN"]
[SourceTitle "EXT 2022"]
[Source "ChessBase"]
[SourceDate "2021.10.06"]
[SourceVersion "1"]
[SourceVersionDate "2021.10.06"]
[SourceQuality "1"]

1. e4 c5 2. Nc3 Nc6 3. f4 g6 4. Nf3 Bg7 5. Bb5 Nd4 6. O-O Nxb5 7. Nxb5 d5 8. d3 a6 9. Nc3 Bxc3 10. bxc3 dxe4 11. dxe4 Qxd1 12. Rxd1 Be6 13. Ng5 Bc4 14. e5 f5 15. Be3 Rc8 16. a3 Nh6 17. h3 Nf7 18. Nf3 Be6 19. Rab1 b5 20. Nd2 g5 21. c4 gxf4 22. Bxf4 Rg8 23. cxb5 axb5 24. Rxb5 Bd5 25. g3 Nd8 26. Nf1 Be4 27. c3 Ne6 28. Bc1 f4 29. Kh2 Ng5 30. Nd2 fxg3+ 31. Kxg3 Bc6 32. Rb6 Ne4+ 33. Kh2 Nxc3 34. Rg1 Rxg1 35. Kxg1 Ne2+ 36. Kf2 Nxc1 37. Ke3 Kd7 38. Rb1 Na2 39. Rb2 Nc3 40. Rc2 Nd5+ 41. Kf2 Rf8+ 42. Ke1 Nf4 43. Rc3 Rg8 44. Nb3 Rg1+ 45. Kf2 Rg2+ 46. Ke1 Re2+ 47. Kf1 Bg2+ 48. Kg1 Re1+ 49. Kf2 Rf1+ 50. Kg3 Bd5 51. Nxc5+ Ke8 52. Re3 Ne6 53. Rd3 Rg1+ 54. Kh4 Nf4 55. Rd4 Ng6+ 56. Kh5 e6 57. Kh6 Nf8 58. a4 Rg3 59. Rg4 Rxh3+ 60. Kg7 h5 61. Rf4 Rg3+ 62. Kh6 Rg4 63. Rf2 h4 64. Kh5 Rc4 65. Nd3 Rxa4 0-1

[Event "Ottawa-ch"]
[Site "Ottawa CAN"]
[Date "2001.10.29"]
[Round "5"]
[White "Voloaca, Mihnea"]
[Black "Pacey, Kevin"]
[Result "1-0"]
[WhiteElo "2287"]
[BlackElo "2339"]
[PlyCount "139"]
[GameId "2160767911485112"]
[EventDate "2001.10.14"]
[EventType "swiss"]
[EventRounds "6"]
[EventCountry "CAN"]
[SourceTitle "EXT 2022"]
[Source "ChessBase"]
[SourceDate "2021.10.06"]
[SourceVersion "1"]
[SourceVersionDate "2021.10.06"]
[SourceQuality "1"]

1. e4 e6 2. d4 d5 3. exd5 exd5 4. c4 Bb4+ 5. Nc3 Qe7+ 6. Be3 Nf6 7. h3 Ne4 8. Qc1 c5 9. a3 Ba5 10. Be2 Nc6 11. Nf3 cxd4 12. Nxd4 Nxc3 13. bxc3 Nxd4 14. Bxd4 O-O 15. cxd5 Re8 16. Qe3 Qd7 17. Qg5 f6 18. Bxf6 Qf7 19. Bd4 Bd7 20. Kd2 Bb6 21. Bxb6 axb6 22. Bf3 h6 23. Qg3 Bb5 24. a4 Bc4 25. d6 Qf5 26. Bg4 Qd5+ 27. Kc1 Qg5+ 28. Kc2 Qg6+ 29. Kb2 h5 30. Bf3 Qd3 31. Rhd1 Re2+ 32. Bxe2 Qxe2+ 33. Kc1 Bb3 34. Qd3 Bxd1 35. Qxd1 Qc4 36. Kb2 Re8 37. Qb3 Re2+ 38. Ka3 Qxb3+ 39. Kxb3 Rd2 40. Re1 Rxd6 41. Re5 Rd2 42. Rxh5 Rxf2 43. g4 Rf1 44. Rb5 Rh1 45. Kc4 Ra1 46. Rb4 Kf7 47. Kb5 Ra3 48. c4 Ke6 49. Kxb6 Kd6 50. c5+ Kd5 51. h4 g6 52. Rb5 Kc4 53. Kxb7 Rxa4 54. Rb6 Kxc5 55. Rxg6 Ra1 56. h5 Kd5 57. Kc7 Ke5 58. Kd7 Ra7+ 59. Ke8 Ra8+ 60. Kf7 Ra7+ 61. Kg8 Ra8+ 62. Kh7 Ra7+ 63. Rg7 Ra1 64. h6 Kf6 65. g5+ Kf5 66. g6 Kg5 67. Rb7 Ra6 68. Rb5+ Kf6 69. g7 Ra7 70. Kh8 1-0

[Event "Ottawa-ch"]
[Site "Ottawa CAN"]
[Date "2001.11.05"]
[Round "6"]
[White "Pacey, Kevin"]
[Black "Davies, Alex"]
[Result "1-0"]
[WhiteElo "2339"]
[BlackElo "2239"]
[PlyCount "98"]
[GameId "2160767911485114"]
[EventDate "2001.10.14"]
[EventType "swiss"]
[EventRounds "6"]
[EventCountry "CAN"]
[SourceTitle "EXT 2022"]
[Source "ChessBase"]
[SourceDate "2021.10.06"]
[SourceVersion "1"]
[SourceVersionDate "2021.10.06"]
[SourceQuality "1"]

1. e4 e5 2. Nf3 Nc6 3. Bc4 Nf6 4. d4 exd4 5. Ng5 Ne5 6. Bb3 h6 7. f4 hxg5 8. fxe5 Nxe4 9. Bd5 Nc5 10. O-O Ne6 11. Qf3 Qe7 12. c3 d6 13. Bxb7 Bxb7 14. Qxb7 Rd8 15. cxd4 Nxd4 16. Nc3 Qxe5 17. Bf4 Qc5 18. Qe4+ Ne6+ 19. Be3 Qe5 20. Qc6+ Rd7 21. Qa8+ Rd8 22. Qf3 Qxh2+ 23. Kf2 Be7 24. Rh1 Qxh1 25. Rxh1 Rxh1 26. Qc6+ Kf8 27. Bxa7 g4 28. a4 Bh4+ 29. Ke3 Re8 30. Kd3 Rh2 31. Ne2 f5 32. Bg1 Rh1 33. g3 Rxg1 34. Nxg1 Bxg3 35. b4 Bf2 36. Ne2 f4 37. Qg2 f3 38. Qxf2 Kg8 39. Ng3 Nf4+ 40. Kd2 Ne2 41. Nxe2 fxe2 42. Qxe2 Kf7 43. Qxg4 Kf6 44. a5 c5 45. Qf4+ Ke6 46. Qe4+ Kd7 47. Qxe8+ Kxe8 48. a6 cxb4 49. a7 Kd7 1-0

[Event "Ottawa-ch"]
[Site "Ottawa CAN"]
[Date "2001.11.18"]
[Round "6"]
[White "Hum, Peter"]
[Black "Valdizon, Armando"]
[Result "1-0"]
[WhiteElo "2229"]
[BlackElo "2337"]
[PlyCount "71"]
[GameId "2160767911485116"]
[EventDate "2001.10.14"]
[EventType "swiss"]
[EventRounds "6"]
[EventCountry "CAN"]
[SourceTitle "EXT 2022"]
[Source "ChessBase"]
[SourceDate "2021.10.06"]
[SourceVersion "1"]
[SourceVersionDate "2021.10.06"]
[SourceQuality "1"]

1. d4 Nf6 2. c4 d6 3. Nc3 e5 4. Nf3 Nc6 5. d5 Ne7 6. e4 Ng6 7. h4 Be7 8. Be2 Bg4 9. Be3 O-O 10. g3 c6 11. Nd2 Bxe2 12. Qxe2 Re8 13. O-O-O Qc7 14. Kb1 Reb8 15. h5 Nf8 16. f4 cxd5 17. fxe5 dxe5 18. exd5 Rc8 19. g4 a6 20. g5 N6d7 21. g6 fxg6 22. hxg6 Nxg6 23. Nce4 b5 24. Qh5 Ngf8 25. Rdf1 Nf6 26. Nxf6+ Bxf6 27. c5 g6 28. Qf3 Bg7 29. Ne4 Qd7 30. c6 Qe8 31. Nd6 e4 32. Nxe8 exf3 33. Nxg7 Kxg7 34. Bh6+ Kf6 35. Rxf3+ Ke5 36. Rd1 1-0

[Event "Ottawa-ch"]
[Site "Ottawa CAN"]
[Date "2001.11.05"]
[Round "7"]
[White "Hum, Peter"]
[Black "Djerkovic, Miladin"]
[Result "1/2-1/2"]
[WhiteElo "2229"]
[BlackElo "2262"]
[PlyCount "63"]
[GameId "2160767911485117"]
[EventDate "2001.10.14"]
[EventType "swiss"]
[EventRounds "6"]
[EventCountry "CAN"]
[SourceTitle "EXT 2022"]
[Source "ChessBase"]
[SourceDate "2021.10.06"]
[SourceVersion "1"]
[SourceVersionDate "2021.10.06"]
[SourceQuality "1"]

1. Nf3 d5 2. b3 Nf6 3. Bb2 c5 4. e3 Nc6 5. Bb5 e6 6. Bxc6+ bxc6 7. Ne5 Nd7 8. Nxd7 Bxd7 9. Qh5 Rb8 10. O-O h6 11. f4 g6 12. Qh3 Rh7 13. d3 Bd6 14. Nd2 Qe7 15. Qf3 Kf8 16. Rae1 Kg8 17. e4 Qd8 18. Re2 Bf8 19. Qf2 f6 20. Kh1 Rf7 21. Qg3 Kh7 22. Nf3 Be7 23. Rfe1 Bf8 24. Bc1 Bg7 25. Nh4 g5 26. fxg5 hxg5 27. Nf3 e5 28. Rf1 Kg8 29. Ref2 Be6 30. h4 g4 31. Nh2 Qd7 32. Be3 1/2-1/2

[Event "Ottawa-ch"]
[Site "Ottawa CAN"]
[Date "2001.11.19"]
[Round "7"]
[White "Davies, Alex"]
[Black "Valdizon, Armando"]
[Result "1-0"]
[WhiteElo "2239"]
[BlackElo "2337"]
[PlyCount "55"]
[GameId "2160767911485118"]
[EventDate "2001.10.14"]
[EventType "swiss"]
[EventRounds "6"]
[EventCountry "CAN"]
[SourceTitle "EXT 2022"]
[Source "ChessBase"]
[SourceDate "2021.10.06"]
[SourceVersion "1"]
[SourceVersionDate "2021.10.06"]
[SourceQuality "1"]

1. e4 d5 2. exd5 Qxd5 3. Nc3 Qa5 4. d4 Nf6 5. Nf3 c6 6. h3 Bf5 7. Bc4 Nbd7 8. O-O e6 9. Nh4 Bg6 10. Qe2 Qh5 11. Qxh5 Nxh5 12. Nxg6 hxg6 13. Ne4 Be7 14. c3 Nb6 15. Bb3 Nf6 16. Ng5 O-O 17. Re1 Nfd5 18. Bd2 a5 19. a3 a4 20. Ba2 Rfd8 21. Rad1 Bxg5 22. Bxg5 Rd7 23. Kf1 Nf6 24. f3 Ra5 25. Bh4 g5 26. Bf2 Rd8 27. d5 Raxd5 28. Bxd5 1-0